|
|
|
|
| LEADER |
00000naa2a2200000 4500 |
| 001 |
259238 |
| 005 |
20231226162546.0 |
| 035 |
|
|
|a (RuTPU)RU\TPU\book\282154
|
| 035 |
|
|
|a RU\TPU\book\282153
|
| 090 |
|
|
|a 259238
|
| 100 |
|
|
|a 20140506d1995 k y0rusy50 ca
|
| 101 |
0 |
|
|a rus
|
| 102 |
|
|
|a RU
|
| 200 |
1 |
|
|a Исследование токов в локальных областях твердых полимерных диэлектриков при длительном приложении электрического поля
|f К. В. Бакулин [и др.]
|
| 463 |
|
0 |
|0 (RuTPU)RU\TPU\book\262
|t Областная научно-практическая конференция молодежи и студентов по техническим наукам и высоким технологиям
|o тезисы докладов
|f под ред. Б. В. Лукутина
|v С. 44-45
|d 1995
|p 70 с.
|
| 610 |
1 |
|
|a труды учёных ТПУ
|
| 701 |
|
1 |
|a Бакулин
|b К. В.
|
| 701 |
|
1 |
|a Важов
|b В. Ф.
|c специалист в области энергетики
|c доцент Томского политехнического университета, кандидат технических наук
|f 1939-
|g Владислав Фёдорович
|3 (RuTPU)RU\TPU\pers\26506
|
| 701 |
|
1 |
|a Жучков
|b А. И.
|c физик
|c заместитель проректора по финансово-экономической деятельности Томского политехнического университета
|c выпускник Томского политехнического университета, 1995 г.
|f 1970-
|g Александр Иванович
|3 (RuTPU)RU\TPU\pers\28716
|
| 701 |
|
1 |
|a Жгун
|b Д. В.
|c электрофизик
|c доцент Томского политехнического университета, кандидат технических наук
|f 1974-
|g Дмитрий Владимирович
|3 (RuTPU)RU\TPU\pers\29870
|9 14342
|
| 701 |
|
1 |
|a Третьяков
|b О. В.
|
| 801 |
|
1 |
|a RU
|b 63413507
|c 20140506
|
| 801 |
|
2 |
|a RU
|b 63413507
|c 20150924
|g RCR
|
| 942 |
|
|
|c BK
|